| 000 | 02309nam a2200445 c 4500 | ||
|---|---|---|---|
| 003 | BLK | ||
| 005 | 20240117094632.0 | ||
| 008 | 180408b bul|||||r ||||||| ||bul|| | ||
| 010 | _aKNG00075747000 | ||
| 020 |
_a978-954-771-206-5 _bиздат.: Кръгозор |
||
| 040 | _aBLK | ||
| 041 |
_aBUL _cBUL |
||
| 072 | 7 |
_2bullib _aН372 _xУчебни предмети. Учебници Н |
|
| 080 |
_aБългарски език в основното училище. Методика на обучението _b373.3.016:811.163.2 _x(079)(075.2) _z373.3.016:811.163.2(079)(075.2) |
||
| 080 |
_aЛитература в основното училище. Методика на обучението _b373.3.016:821 _x(079)(075.2) _z373.3.016:821(079)(075.2) |
||
| 100 | 1 |
_aГеоргиева, Лалка Донева _eпърви автор _9368975 |
|
| 700 | 1 |
_aХристова, Татяна Стоянова _eсъавт. _9368976 |
|
| 139 |
_aГеоргиева, Лалка Донева и др. _bГ 37 |
||
| 245 | 1 | 0 |
_aТестове по български език и литература за VІ клас _bНац. проверка VІ кл. _cЛалка Донева Георгиева; съавт. Татяна Стоянова Христова. |
| 257 | _aBGR | ||
| 260 |
_аСофия _bКръгозор _c2009 _fСофия : Експреспринт |
||
| 300 |
_a189 с. _bс ил. _c21 см |
||
| 380 | _a3 | ||
| 490 | 1 | _aПишете за отличен | |
| 500 | _aВ библиогр. каре загл. Тестове по български език и литература за националната проверка VІ клас. | ||
| 650 | 4 |
_aБългарски език - тестове - учебни помагала _9244102 |
|
| 650 | 4 |
_aЛитература - тестове - учебни помагала _9278622 |
|
| 653 | _aбългарски език | ||
| 653 | _aлитература | ||
| 653 | _aтестове | ||
| 653 | _aучебни помагала | ||
| 653 | _aучебници за основни училища | ||
| 659 | _aН | ||
| 852 | _aЦб 253116 | ||
| 856 | 4 |
_qpdf _u |
|
| 856 | 4 |
_qpdf _u |
|
| 942 |
_cKNG _n0 _04 |
||
| 944 |
_aCR _c05.10.2011 _lМира Стойчева _k30532 |
||
| 944 |
_aED _c24.01.2012 _lф / _k |
||
| 999 |
_c71378 _d71378 |
||